| 000 | 00478cam a22001931 4500 | ||
|---|---|---|---|
| 001 | sa 67004856 | ||
| 003 | DLC | ||
| 005 | 20260227112351.0 | ||
| 008 | 890714s1967 ii 000 0 beno | ||
| 010 | _asa 67004856 | ||
| 035 | _a(OCoLC)20011217 | ||
| 040 |
_aDLC _cWaU _dDLC |
||
| 050 | 0 | 0 |
_aPK1718.R59 _bA65 |
| 100 | 1 |
_aRoy, Dilip Kumar, _d1897-1980. |
|
| 245 | 1 | 0 | _aAghaṭanera śobhāyātrā. |
| 260 | _c[1967] | ||
| 300 |
_a13, 245 p. _c23 cm. |
||
| 500 | _aIn Bengali. | ||
| 999 |
_c74813 _d74813 |
||